000 00889nam a2200253Ia 4500
003 OSt
005 20220916110915.0
006 a|||||r|||| 00| 0
007 ta
008 220915b |||||||| |||| 00| 0 hin d
024 _a43421
037 _cTextbook
040 _bhin
_aARTS
_cARTS
041 _ahin
082 _aO15,1F75,1:g, 152K0-;2-;3
100 _aशुक्ल, चण्डिकाप्रसाद
245 0 _aनैषध-परिशीलन
246 _aNaiṣhadha-parishīlana
260 _aइलाहाबाद
_bहिन्दुस्तानी एकेडेमी भारत
_c1960
300 _a560पण्
_ccm.
650 _aहिन्दी साहित्य
942 _hO15,1F75,1:g, 152K0-;2-;3
_cTB
_2CC
999 _c100989
_d100989